000 00335 a2200157 4500
001 160923
020 _a
040 _cMagnum
100 _aMazzetti, Maria
240 1 0 _aRente que nem pao quente
_lpor
245 1 0 _aRente que nem pao quente
362 0 _a1899
440 1 _aAo Livro Técnico
697 _aIJ/GERAL
942 _cBK
999 _c160923
_d160923